C lculo con geometria analitica / C. H. Edwards, David E. Penney (Registro nro. 19520)

Detalles MARC
000 -LÍDER
fixed length control field 00507nam a2200169 4500
008 - ELEMENTOS DE LONGITUD FIJA -- INFORMACIÓN GENERAL
fixed length control field 0 1996 0a 000 0Mex
020 ## - NÚMERO INTERNACIONAL NORMALIZADO PARA LIBROS
ISBN 968-880-596-3
050 ## - SIGNATURA TOPOGRAFICA DE LA BIBLIOTECA DEL CONGRESO (LC)
Número de Clasificación QA303 E26 1996
082 ## - NUMERO DE CLASIFICACION DECIMAL DEWEY
Número de Clasificación 515.15 E527c
100 ## - ASIENTO PRINCIPAL--NOMBRE PERSONAL
Nombre personal Edwards, C. H.
245 ## - TÍTULO
Título C lculo con geometria analitica / C. H. Edwards, David E. Penney
250 ## - MENCIÓN DE EDICIÓN
Mención de edición 4
260 ## - PUBLICACIÓN, DISTRIBUCIÓN, ETC. (PIE DE IMPRENTA)
Lugar de publicación, distribución, etc. México : Prentice-Hall
300 ## - DESCRIPCIÓN FÍSICA
Extensión xx, 956 p. / 25 cm.
650 ## - ASIENTO SECUNDARIO DE MATERIA - TERMINO TEMÁTICO
Término temático o nombre geográfico como elemento de entrada 1. CALCULO \ 2. GEOMETRIA ANALITICA
700 ## - ASIENTO SECUNDARIO - NOMBRE PERSONAL
Nombre personal I. Penney, David E., coaut.
Existencias
No. biblioteca No. biblioteca Número de clasificación Código de barras/Número de adquisición Número de copia Tipo de material
LUIS G. INCLAN LUIS G. INCLAN 515.15 E527c 29460 15 Libros
LUIS G. INCLAN LUIS G. INCLAN 515.15 E527c 29461 16 Libros
LUIS G. INCLAN LUIS G. INCLAN 515.15 E527c 32681 20 Libros
LUIS G. INCLAN LUIS G. INCLAN 515.15 E527c 32682 21 Libros
LUIS G. INCLAN LUIS G. INCLAN 515.15 E527c 34383 22 Libros
LUIS G. INCLAN LUIS G. INCLAN 515.15 E527c 35102 23 Libros
LUIS G. INCLAN LUIS G. INCLAN 515.15 E527c 35103 24 Libros
LUIS G. INCLAN LUIS G. INCLAN 515.15 E527c 35104 25 Libros
LUIS G. INCLAN LUIS G. INCLAN 515.15 E527c 47137 26 Libros
LUIS G. INCLAN LUIS G. INCLAN 515.15 E527c 29463 18 Libros
Calzada Tecnológico # 27, Zacatepec, Morelos.
01(734) 343-07-23 / 343-21-10 / 343-21-11
Apdo. Postal 45 C.P 62780